General Knowledge Picture Puzzle Game #2 - Statistics

General Stats
  • This quiz has been taken 1,527 times
  • The average score is 9 of 17
Answer Stats
Hint Answer % Correct
HTML tutorial What symbol is in Swiss flag? Cross
90%
HTML tutorial What is the oldest US university? Harvard
85%
HTML tutorial What currency is in use in Luxembourg? Euro
83%
HTML tutorial What is the biggest human made structure in China? The Great Wall
77%
HTML tutorial What country is PRC? China
69%
HTML tutorial What is capital city of Ontario? Toronto
68%
HTML tutorial Who was the sky and thunder god in ancient Greek religion? Zeus
67%
HTML tutorial What English football club has most Champions League titles? Liverpool
61%
HTML tutorial In what year Columbus started his first voyage to America? 1492
59%
HTML tutorial Who wrote ''The Great Gatsby''? F. Scott Fitzgerald
59%
HTML tutorial What NBA team is from Boston? Boston Celtics
55%
Malcolm X
39%
HTML tutorial Who painted ''The Night Watch''? Rembrandt van Rijn
36%
HTML tutorial What is the SI unit of electric current? Ampere
35%
HTML tutorial Who killed Franz Ferdinand? Gavrilo Princip
22%
HTML tutorial Who was president of Romania from 1967 to 1989? Nicolae Ceaușescu
14%
HTML tutorial What is the name of cartoon chicken who wears half of
egg shell on his head?
Calimero
12%
No matching quizzes found
Score Distribution
Percent of People with Each Score
Percentile by Number Answered
Your Score History
You have not taken this quiz